000 00496nam a2200193Ia 4500
005 20250508155701.0
008 008 250505s9999 xx 000 0 eng d
037 _aBooks to be hide in OPAC
040 _aFEDL
_beng
_cFEDL
041 _aeng
_2eng
084 _a371.2, NCE/O
_qFEDL
100 _aBasu A N
245 0 _aSchool record
245 0 _cCentral Institute of Education
260 _c1956
300 _a12p
942 _cHB
_h371.2, NCE/O
999 _c1358787
_d1358787